000 00662nam a22002297a 4500
003 BCEG
005 20260409134511.0
008 260409s2024 mx |||||||||||||||||spa d
020 _a9786071684752
040 _aBCEG
_bspa
_cBCEG
082 0 4 _aM863.6
_bI319y
100 1 _aÍmaz Gispert, Carlos,
_d1959-.
245 1 0 _aYanga
_b: una historia de aguerridos cimarrones libertarios
260 _aCiudad de México :
_bFondo de Cultura Económica,
_c2024.
300 _a214 p.
490 _aPopular ;
_v969.
541 _aCompra.
650 1 4 _aNovela mexicana.
650 1 4 _aAfrodescendientes
_vNovela.
650 1 4 _aEsclavitud en la literatura.
942 _cBK
999 _c437175
_d437175